mysqli: Incorrect key file for table '.\ulib6\stat_globaluid.MYI'; try to repair it
DELETE FROM stat_globaluid
WHERE id NOT IN (
SELECT id
FROM (
SELECT id
FROM stat_globaluid
ORDER BY id DESC
LIMIT 100
) foo
);
mysqli: Duplicate entry '20140737158617' for key 'PRIMARY'
insert into stat_globaluid set
statuid='20260629173534_4386',
dt='1782729334',
phpself='/ulib/dublinfull.php',
agent='Mozilla/5.0 AppleWebKit/537.36 (KHTML, like Gecko; compatible; ClaudeBot/1.0; +claudebot@anthropic.com)',
yea='2026',
mon='6',
dat='29',
ip='61.19.32.209'
| LEADER 01174nam 2200277 a 4500 |
| 001 39081 |
| 003 ULIBM |
| 008 030417s2004 caua sb 001 0 eng |
| 020 ^a974-7655-65-9
|
| 082 ^aอ 302.2^bค-ส
|
| 100 ^aคณะกรรมการจัดงานวันสื่อสารแห่งชาติ
|
| 245 ^aสื่อสารเสรีสู่เวทีการค้าโลก/^cคณะกรรมการจัดงานวันสื่อสารแห่งชาติ
|
| 260 ^aม.ป.ท.:^bม.ป.พ.,^c2542
|
| 300 ^a361 หน้า
|
| 650 ^aการสื่อสาร
|
| 913 ^aImported by ULIBM Administrator
|
| 949 ^aImport form external file by ULIBM system
|
| คุณยังไม่ได้ล็อกอิน คุณสามารถมีกิจกรรมร่วมกับเว็บไซต์ได้ แต่ต้องล็อกอินก่อน :: |
|
| ลำดับที่ |
ประเภท |
เลขเรียก/บาร์โค้ด |
สถานที่ |
สถานะ |
| 1. |
 หนังสือ สถานะ=ใช้ในห้องสมุดเท่านั้น | อ 302.2 ค-ส 2004 Barcode: 065263 | ห้องสมุดกลาง ►หนังสืออ้างอิง | On Shelf |
| [แสดง 1/1 รายการ] |
แนะนำ "หนังสือใหม่"
ไดอารี่ล็อกดาวน์อู่ฮั่น
23 มกราคม 2020 วันแรกที่ "นครอู่ฮั่น" ถูกสั่ง "ล็อกดาวน์" อย่างกะทันหัน เพราะการระบาดของโรคติดต่อชนิดใหม่ที่ส่งผลให้มียอดผู้ป่วยและเสียชีวิตจำนวนมาก ท่ามกลางภาวะสับสนและหดหู่จากสถานการณ์ ประชาชนชาวอู่ฮั่นไม่ได้รับข้อมูลที่ชัดเจนจากทางการ พวกเขายังต้องกินต้องใช้ ทว่าสิ่งจำเป็นอย่างหน้ากากอนามัย แอลกอฮอล์ อาหารสด และอาหารแห้งที่วางขายตามซูเปอร์มาร์เก็ตกลับร่อยหรอ... ไม่ต่างจากขวัญกำลังใจในการรับมือกับหายนะครั้งนี้
"กัวจิง" วัย 29 ปี เป็นนักสังคมสงเคราะห์และนักเคลื่อนไหวเพื่อสิทธิสตรี เธอติดอยู่ที่อู่ฮั่นระหว่างการปิดเมือง เมื่อเริ่มตระหนักว่าสิ่งที่น่ากลัวกว่าพื้นที่ที่ถูกปิดกั้น คือการที่ประชาชนถูกปิดหู ปิดตา และปิดปาก เสียงร้องทุกข์เล่าความเป็นจริงของพวกเขาล้วนถูกปิดกั้น เธอจึงเริ่มเขียน "ไดอารี่ออนไลน์" หวังจะเป็นจุดเชื่อมแบ่งปันทุกข์สุขระหว่างเพื่อนร่วมชาติและเป็นกระบอกเสียงไปสู่โลกภายนอก
นอกจากบอกเล่าความเป็นไปในอู่ฮั่น "กัวจิง" ยังตั้งคำถามต่อระบบคิดและค่านิยมของผู้คนในชาติ สะท้อนคุณค่าชีวิตของผู้คนหลากหลายสาขาอาชีพ ซึ่งได้รับผลกระทบจากการระบาดใหญ่ครั้งนี้ต่าง ๆ กันไป ไดอารี่ฉบับออนไลน์ของเธอกลายเป็นเครื่องมือทลายการปิดกั้นของพื้นที่ สลายอคติ และเสริมความเข้าอกเข้าใจ แม้ไดอารี่ของกัวจิงจะจบลง (1 มีนาคม 2020) ก่อนปลดล็อกดาวน์เมืองอู่ฮั่นนานนับเดือน แต่หนังสือเล่มนี้ยังทำหน้าที่เป็นคู่มือ "เปิด-เปิดตา-เปิดใจ" ให้ผู้อ่านชาวไทยได้อย่างดี!
รายการใกล้เคียง
ผู้แต่ง [คณะกรรมการจัดงานวันสื่อสารแห่งชาติ]
หัวเรื่อง [การสื่อสาร]
|
|
ยังไม่เคยถูกคอมเมนท์
|
| คอมเมนท์ทรัพยากรรายการนี้ |
|
ห้องสมุดโรงเรียนสามัคคีวิทยาคม
159 ถ.บรรพปราการ ต.เวียง อ.เมือง จ.เชียงราย 57000
โทร. 053-711018 โทรสาร 053-713003